LDR 00955naa#a2200193#i#450# 001 RU\\bibl\111099 005 20260704040059.6 011 ## _a2542-1840 100 ## _a20260630b2026####ek#y0rusy0150####ca 102 ## _aRU 200 1# _aЦифровая грамотность в структуре профессиональной ответственности будущего педагога _eЖурнальная статья 210 1# _aКемерово _cКемеровский государственный университет _d2026 215 ## _a9 с. 608 ## _aЖурнальная статья _2local 675 ## _aВысшее образование. Высшая школа. Подготовка научных кадров. 378 _z 700 #1 _aЛопаткин _gГригорий Юрьевич 700 #1 _aДивеева _gКарина Дмитриевна 700 #1 _aДивеев _gДанила Васильевич 856 4# _ajstrategizing.kemsu.ru _u